00977nam a22003737a 4500003000400000005001700004008004100021010001700062020001500079040002300094050002300117082002100140100002400161245006000185250001200245260005200257300005500309500002000364521003700384526002100421541000600442541000600448541000600454541000600460541000600466541000600472562000600478650001500484650001400499650001800513650002600531650002400557700002200581OSt20140310182822.0970529s1998 njuaf 001 0 eng c a 97023061  a9814058270 aDNLM/DLCcDLCdDLC00aQD 33b.Sa121 199800aM 540 bSa1 19981 aSackheim, George I.10aChemistry for the health sciencescSackheim, George I.  a8th ed. aUpper Saddle River, N.J. bPrentice-Hallcc1998 a643 p., 8 p. of plates bill. (some col.) c26 cm. aIncludes index. a Highschool to College student  c 0L to 1700L  j1 j2 j3 j4 j5 j6 e6 0aChemistry. 0aMedicine.12aBiochemistry.22aChemistry, Inorganic.22aChemistry, Organic.1 aLehman, Dennis D.